000 01177nam a22003497a 4500
001 0005615
003 KOHA_MİRAKIL
005 20260207001451.0
007 ta
008 090617b1996 tu |||gr||||#0|||0|tur |
020 _a975110744X
_q(tk) 9751107474
_c0,01
040 _aTR-BiSEU
_btur
_cTR-BiSEU
_erda
041 0 _atur
044 _ctu
050 _aDR592.K4
_bA83 1996
100 1 _aAtatürk, Kemal.
245 1 _aNutuk :
_bvesikalar/
_cKemal Atatürk ; Mustafa Kemal Atatürk.
264 1 _aİstanbul :
_bMilli Eğitim
_c1996
300 _a899 - 1280 sayfa; 21 cm
336 _ametin
_btxt
_2rdacontent
337 _aaracısız
_bn
_2rdamedia
338 _acilt
_bnc
_2rdacarrier
490 1 _aKültür Bakanlığı Yayınları ;
_v2563.
490 1 _aBilim ve Kültür Eserleri Dizisi ;
_v666 Atatürk serisi ;
_v1.
650 0 _aAtatürk, Kemal, 1881-1938--Speech.
_913434
650 0 _aKemalism.
_97013
650 0 _aTurkey--History Revolution, 1918-1923.
_913054
830 1 _aKültür Bakanlığı Yayınları ;
_v2563.
_96362
830 1 _aBilim ve Kültür Eserleri Dizisi ;
_v666 Atatürk serisi ;
_v1.
_913435
907 _aTarih
942 _2lcc
_cBK
999 _c5596
_d5596